000 00720nam a2200241Ia 4500
003 OSt
005 20220928124551.0
006 a|||||r|||| 00| 0
007 ta
008 220927b |||||||| |||| 00| 0 eng d
024 _a37895
037 _cTextual
040 _aSDCL
_cSDCL
_beng
041 _2eng
_aeng
082 _aX9(L:5)x, N7
100 _aCulyer A J Ed.
_9454352
245 0 _aBeing reasonable about the economics of health
_b Selected essays by alan williams
260 _aCheltenham
_bEdward Elagar
_c1997
300 _axvi,371p
_ccm.
700 _a Maynard Alan Ed.
_9466254
942 _hX9(L:5)x, N7
_cTEXL
_2CC
999 _c779115
_d779115